000 02027cam a2200373 a 4500
001 15167518
005 20100223175752.0
008 080205s2009 enk a |rb 001 0 eng
010 _a2008003867
015 _aGBA855122
_2bnb
016 7 _a014584697
_2Uk
020 _a9780415362085 (pbk.)
035 _a(OCoLC)ocn181420958
040 _aDLC
_cDLC
_dYDX
_dYDXCP
_dBTCTA
_dBAKER
_dUKM
_dBWK
_dBWX
_dCDX
_dDLC
050 0 0 _aHD9715.A2
_bM87 2009
082 0 0 _a624.0684
_222
_bCON
245 0 0 _aCorporate Social Responsibility in the Construction Industry /
_cEdited by Michael Murray and Andrew Dainty.
260 _aLondon ;
_aNew York :
_bTaylor & Francis, 2009
_c2009.
300 _axvii, 410 p. :
_bill. ;
_c24 cm.
504 _aIncludes bibliographical references and index.
650 0 _aConstruction industry
_xManagement.
_912173
650 0 _aConstruction industry
_xMoral and ethical aspects.
_912174
650 0 _aCorporate social responsibility
_vCross-cultural studies.
_912175
650 0 _aBusiness ethics
_vCross-cultural studies.
_912176
650 0 _aConstruction industry
_vCross-cultural studies.
_912177
700 1 _aMurray, Mike,
_d1964-
_912178
700 1 _aDainty, Andrew.
_912179
856 4 1 _3Table of contents only
_uhttp://www.loc.gov/catdir/toc/ecip0810/2008003867.html
942 _2ddc
_cBB
999 _c13569
_d13569